KOHA-Header-6

Decision Support and Business Intelligence System (Record no. 13370)

000 -LEADER
fixed length control field 00339nam a22001457a 4500
020 ## - INTERNATIONAL STANDARD BOOK NUMBER
ISBN 9788131724255
082 ## - DEWEY DECIMAL CLASSIFICATION NUMBER
Classification number 658.403
Item number 5951
100 ## - MAIN ENTRY--AUTHOR NAME
Personal name Efraim Turban
245 ## - TITLE STATEMENT
Title Decision Support and Business Intelligence System
250 ## - EDITION STATEMENT
Edition statement 8th
260 ## - PUBLICATION, DISTRIBUTION, ETC. (IMPRINT)
Place of publication India
Name of publisher Pearson
Year of publication 2007
300 ## - PHYSICAL DESCRIPTION
Number of Pages 772
700 ## - ADDED ENTRY--PERSONAL NAME
Personal name Jay E. Aronson
942 ## - ADDED ENTRY ELEMENTS (KOHA)
Koha item type Books
Holdings
Withdrawn status Lost status Collection code Permanent Location Current Location Shelving location Date acquired Full call number Accession Number Koha item type
    Business MAJU MAJU Shelf No.A-1 2022-08-30 658.403 5951 Books

Powered by Koha